Catálogo público

Normal view MARC view

Entry Nombre geográfico

Number of records used in: 376

001 - NÚMERO DE CONTROL

  • campo de control: 76783

003 - IDENTIFICADOR DEL NÚMERO DE CONTROL

  • campo de control: OSt

005 - FECHA Y HORA DE LA ÚLTIMA TRANSACCIÓN

  • campo de control: 20220127112258.0

008 - DATOS DE LONGITUD FIJA

  • campo de control de longitud fija: 971016|| azznnbab| un and |u

040 ## - FUENTE DE LA CATALOGACIÓN

  • Centro catalogador/agencia de origen: OSt
  • Centro/agencia transcriptor: OSt

151 ## - ENCABEZAMIENTO--NOMBRE GEOGRÁFICO

  • Nombre geográfico: México
  • Subdivisión general: Política y gobierno